000 00324nam a22001097a 4500
082 _a910
100 _aगुप्‍ता,संजय
_978630
245 _aमध्‍य प्रदेश का भूगोल इकाई - 4
260 _aGwalior
_bNirmal IAS
_c2024
650 _aGeography
942 _cC. BOOKS
999 _c66873
_d66873